| 000 | 00525nam a22001817a 4500 | ||
|---|---|---|---|
| 003 | OSt | ||
| 005 | 20170105102936.0 | ||
| 020 | _a355.033073 | ||
| 040 | _a0 | ||
| 082 |
_a355.033073 _bSAR 2008 |
||
| 100 | _aSarkesian, Sam C | ||
| 245 |
_aUS National Security _bPolicymakers, Processes and Politics _cSam C. Sarkesian |
||
| 250 | _a4th | ||
| 260 |
_aNew Delhi _bViva Books _c2008 |
||
| 300 | _ax,331p | ||
| 651 | _aThe National Security Establishment, The National security System and the policy process | ||
| 942 |
_2ddc _cBK |
||
| 999 |
_c16261 _d16261 |
||